| 000 | 00000nam 2200000zi 4500 |
| 001 | 9.947735 |
| 003 | CaOODSP |
| 005 | 20250205085027 |
| 006 | m o d f |
| 007 | cr mn||||||||| |
| 008 | 250205t20252025onc o f000 0 fre d |
| 040 | |aCaOODSP|bfre|erda|cCaOODSP |
| 043 | |an-cn--- |
| 086 | 1 |aH113-24/2025-3F-PDF |
| 245 | 00|aLambda-cyhalothrine. |
| 264 | 1|aOttawa (Ontario) : |bAgence de réglementation de la lutte antiparasitaire, Santé Canada, |c2025. |
| 264 | 4|c©2025 |
| 300 | |a1 ressource en ligne (7 pages). |
| 336 | |atexte|btxt|2rdacontent/fre |
| 337 | |ainformatique|bc|2rdamedia/fre |
| 338 | |aressource en ligne|bcr|2rdacarrier/fre |
| 490 | 1 |aLimite maximale de résidus proposée, |x1925-086X ; |vPMRL2025-03 |
| 500 | |a« 3 février 2025. » |
| 500 | |aTitre de la couverture. |
| 500 | |aPublié aussi en anglais sous le titre : Lambda-cyhalothrin. |
| 520 | |a« La décision finale sur la lambda-cyhalothrine indique que la remise en vigeur des utilisations concernant les aliments pour bétail a de la valeur et que les risques pour la santé humaine et l'environnement associés aux nouvelles utilisations sont acceptables. Cependant, les risques d'exposition aux résidus de lambda-cyhalothrine dans ou sur les pommes et les pêches s'avèrent inacceptables lorsqu'on tient compte de la remise en vigueur des utlistations concernant les aliments pour bétail. Il est donc proposé de révoquer les limites maximales de résidus (LMR) pour les pommes et les pêches » -- Contexte, page 1. |
| 650 | 6|aPesticides|xCertification|zCanada. |
| 650 | 6|aInsecticides|xCertification|zCanada. |
| 650 | 6|aPesticides|xRésidus dans les aliments|xNormes|zCanada. |
| 710 | 1 |aCanada. |bAgence de réglementation de la lutte antiparasitaire, |eorganisme de publication. |
| 775 | 08|tLambda-cyhalothrin.|w(CaOODSP)9.947733 |
| 830 | #0|aLimites maximales de résidus proposées,|x1925-086X ; |vPMRL2025-03.|w(CaOODSP)9.501545 |
| 856 | 40|qPDF|s303 Ko|uhttps://publications.gc.ca/collections/collection_2025/sc-hc/h113-24/H113-24-2025-3-fra.pdf |
| 856 | 4 |qHTML|sS.O.|uhttps://www.canada.ca/fr/sante-canada/services/securite-produits-consommation/pesticides-lutte-antiparasitaire/public/consultations/limites-maximales-residus-proposees/2025/lambda-cyhalothrine/document.html |